| 000 | 00790nam a22002297a 4500 | ||
|---|---|---|---|
| 999 |
_c16031 _d16031 |
||
| 003 | AR-CdUCM | ||
| 008 | 190328b ||||| |||| 00| 0 eng d | ||
| 020 | _a84-204-5839-2 | ||
| 040 |
_aMUNICIPALIDAD PROVINCIAL DEL CUSCO _cBIBLIOTECA MUNICIPAL DEL CUSCO |
||
| 082 |
_aPI / 803 / _bR47 |
||
| 100 |
_aReyes, Yolanda. _925805 |
||
| 245 |
_aLos agujeros negros : _bDerecho a recibir auxilio y protección / |
||
| 260 |
_aEspaña : _bAlfaguara, _bUnicef, _c2000. |
||
| 300 |
_a31 páginas ; _bilustraciones a color, _c28 cm. |
||
| 440 |
_aColección derechos del niño. _n8 _935303 |
||
| 505 | _aContenido : Cuentos. | ||
| 650 |
_aCuentos infantiles. _93927 |
||
| 650 |
_aSiglo XX _98 |
||
| 700 |
_aLópez, Cristina (ilustraciones) _935304 |
||
| 942 |
_2ddc _cLIBROS |
||
| 945 |
_arum _d2019-04-30 |
||